| 000 | 00823cab a2200205 4500 | ||
|---|---|---|---|
| 001 | ABS38595 | ||
| 008 | 090401t1987 xxu||||| |||| 00| 0 eng d | ||
| 035 | _a(Sirsi) u11418 | ||
| 041 | _aeng | ||
| 100 | _aYoung, E. | ||
| 245 | _aCash-dispensing machines | ||
| 260 | _c1987 | ||
| 350 | _a0 | ||
| 490 |
_aEstates Gazette _v284(6361) 21 November 1987, 1012-1017(3) |
||
| 520 | _aCash dispensing machines or automatic telling machines have become an essential part of banks and building societies. However, installation can give rise to town planning problems. This article discusses these with reference to planning appeal decisions. which although Scottish, raise issues relevant in the rest of Britain. | ||
| 650 | _aPLANNING PERMISSION | ||
| 690 | _aPLANNING LAW AND PRACTICE | ||
| 942 | _n0 | ||
| 948 | _c04/03/1997 | ||
| 999 |
_c7277 _d7277 |
||